Natural rubber: Past, present and future (Record no. 47281)

MARC details
000 -LEADER
fixed length control field 00409nam a2200157Ia 4500
100 ## - MAIN ENTRY--AUTHOR NAME
Personal name Sekhar B C
245 #0 - TITLE STATEMENT
Title Natural rubber: Past, present and future
260 ## - PUBLICATION, DISTRIBUTION, ETC. (IMPRINT)
Name of publisher Natural Rubber Research
Year of publication 2004
300 ## - PHYSICAL DESCRIPTION
Number of Pages 8-Jan
650 ## - SUBJECT ADDED ENTRY--TOPICAL TERM
Topical Term Natural rubber
650 ## - SUBJECT ADDED ENTRY--TOPICAL TERM
Topical Term Natural rubber
650 ## - SUBJECT ADDED ENTRY--TOPICAL TERM
Topical Term Rubber production
650 ## - SUBJECT ADDED ENTRY--TOPICAL TERM
Topical Term Rubber production
942 ## - ADDED ENTRY ELEMENTS (KOHA)
Koha item type Articles
Holdings
Withdrawn status Lost status Damaged status Not for loan Home library Current library Shelving location Date acquired Serial Enumeration / chronology Koha item type
      Articles RRII Library RRII Library Economics 20/12/2021 Volume 17, Issue 1 Articles